Takoví jsme byli. 3 /

Romantická manga série z kategorie šódžo.

Uloženo v:
Série:Takoví jsme byli, část 3
Hlavní autor: Obata, Yuki, 1962- (Autor)
Další autoři: Velká, Tereza (Autor)
Médium: Kniha
Jazyk:Czech
Vydáno: V Praze : Egmont, 2023
Vydání:První vydání
Témata:
Celkem bylo vypůjčeno:0x
Příbuzné jednotky:Z cyklu:: Takoví jsme byli
Tagy:
Žádné tagy
LEADER 02164nam a2200445 i 4500
001 106505
003 CZ PrSKC
005 20260604174713.0
007 ta
008 231010s2023 xr a d 6 000 1 cze
020 |a 9788025256138  |q (brožováno) :  |c Kč 299,00 
040 |a ABG001  |b cze  |e rda 
041 1 |a cze  |h jpn 
072 7 |a 741.52  |x Komiksy. Komiksové adaptace  |2 Konspekt  |9 21 
072 7 |a 821-93  |x Literatura pro děti a mládež (beletrie)  |2 Konspekt  |9 26 
080 |a 741.52(0:82-32)  |2 MRF 
080 |a 741.52(0:82-322.5)  |2 MRF 
080 |a 821-93  |2 MRF 
100 1 |a Obata, Yuki,  |d 1962-  |7 xx0300485  |4 aut  |9 114235 
240 1 0 |a Bokura ga ita.  |l Česky 
245 1 0 |a Takoví jsme byli.  |n 3 /  |c Júki Obata ; překlad Tereza Velká 
250 |a První vydání 
264 1 |a V Praze :  |b Egmont,  |c 2023 
300 |a 180 stran, 12 nečíslovaných stran :  |b ilustrace ;  |c 18 cm 
336 |a text  |b txt  |2 rdacontent 
336 |a statický obraz  |b sti  |2 rdacontent 
337 |a bez média  |b n  |2 rdamedia 
338 |a svazek  |b nc  |2 rdacarrier 
500 |a Přeloženo z japonštiny? 
500 |a Tištěno zprava doleva ve stylu manga 
520 2 |a Romantická manga série z kategorie šódžo.  |b Nanami se splnil sen a konečně začala chodit s Janem, nejobdivovanějším klukem na škole, který ji zaujal od jejich prvního setkání. Tuší, že to nebude jednoduché, protože se musí poprat nejen s Janovou komplikovanou povahou, ale i s démony jeho minulosti. Je však ochotná do toho dát celou svou laskavou osobnost, díky níž se vždy snaží vyjít vstříc svým blízkým i spolužákům. Existuje nějaká hranice, kterou není ochotná překročit? Nakladatelská anotace. Kráceno. 
655 7 |a manga  |7 fd1057492  |2 czenas 
655 7 |a romantické komiksy  |7 fd1057460  |2 czenas 
655 7 |a publikace pro mládež  |7 fd133157  |2 czenas  |9 110 
700 1 |a Velká, Tereza  |7 xx0300653  |4 trl  |9 114236 
787 0 8 |i Z cyklu:  |t Takoví jsme byli  |g 3 
910 |a UOG502 
942 |2 ddc  |c KN 
999 |d 106505 
993 |0 0  |1 421180107225  |2 ddc  |4 0  |7 0  |9 99949  |b 0  |c 107225  |d 2026-06-04  |e 0  |f M  |h 299.00  |i Koupě  |l M  |r 2026-06-04  |t 8  |w 2026-06-04  |y KN  |z KOMIKS  |n